MARC

LEADER 00000nam1a2200000 4500
001 291400
005 20231102000402.0
020 |a RU  |b 84-591 
035 |a (RuTPU)RU\TPU\book\315965 
090 |a 291400 
100 |a 20150414d1983 m y0rusy5003 ca 
101 0 |a rus 
200 1 |a Нормирование труда в машиностроении  |e учебное пособие для техникумов  |f А. Н. Иконников, Л. Н. Баимов, А. В. Носов 
210 |a Москва  |c Машиностроение  |d 1983 
215 |a 160 с.  |c ил. 
606 1 |a Машиностроение  |x Техническое нормирование  |2 stltpush  |3 (RuTPU)RU\TPU\subj\41479  |9 61269 
610 1 |a нормирование труда 
610 1 |a станочные работы 
610 1 |a заготовительные работы 
610 1 |a штамповочные работы 
610 1 |a сборочные работы 
610 1 |a монтажные работы 
610 1 |a учебные пособия 
675 |a 621.002:658.53(075.32)  |z rus  |v 3 
700 1 |a Иконников  |b А. Н.  |g Александр Никитич  |4 070 
701 1 |a Баимов  |b Л. Н.  |g Леонид Николаевич 
701 1 |a Носов  |b А. В.  |g Александр Всеволодович 
801 0 |a RU  |b RuMRKP  |c 19950704  |g psbo 
801 1 |a RU  |b 63413507  |c 20150414 
801 2 |a RU  |b 63413507  |c 20181115  |g RCR 
942 |c BK